Statistics for Countries by almond production

Click here to take the quiz!

General Stats

  • This quiz has been taken 8 times
  • The average score is 12 of 15

Answer Stats

HintAnswer% Correct
74,584Italy
100%
61,000Tunisia
100%
85,000Turkey
100%
66,095Algeria
88%
47,875China
88%
32,115Lebanon
88%
112,681Morocco
88%
202,339Spain
88%
88,841Syria
88%
2,002,742United States
88%
147,863Iran
75%
32,843Afghanistan
63%
72,902Australia
63%
31,938Chile
50%
33,838Libya
50%

Score Distribution

Percentile by Number Answered

Percent of People with Each Score

Your Score History

You have not taken this quiz